Slogan pubblicità italiane - 1 - Statistics

Statistiche generali
  • Questo quiz è stato fatto 116 volte
  • Il punteggio medio è 9 su 15
Statistiche sulle risposte
Slogan Brand % Corretto
"Ti mette le ali!" Red Bull
98%
"Crudo o cotto? _________" Gran Biscotto Rovagnati
85%
"Svizzero?" "No, _________" Novi
85%
"L'analcolico biondo che fa impazzire il mondo" Crodino
81%
"_________ ripara, _________ sostituisce" Carglass
74%
"Non ci sono paragoni" Trony
73%
"Così tenero, che si taglia con un grissino" tonno Rio Mare
66%
"Fate l'amore con il sapore" Müller
64%
"Dove c'è _________, c'è casa" Barilla
63%
"Che mondo sarebbe senza _________?" Nutella
58%
"Come lava!" Ava
55%
"Ci sono cose che non si possono comprare. Per tutto il resto c'è _________" MasterCard
50%
"Cinque minuti, solo cinque vedrai, e delle _________ ti innamorerai" Panatine Rovagnati
31%
"_________, e il contante ce l'ho" Prestitò
22%
“Fuori croccantissimo, dentro morbidissimo” Tronky
22%
Nessun quiz corrispondente trovato
Distribuzione punteggi
Percentuale di utenti per punteggio
Percentile per numero di risposta
I tuoi punteggi nel tempo
Non hai fatto questo quiz